| 000 | 00490cam a2200193ua 4500 | ||
|---|---|---|---|
| 020 | _c$7.50 | ||
| 041 |
_aeng _h |
||
| 082 |
_a666 _bNOR/CE |
||
| 100 | _aNorton, F.H . | ||
| 245 |
_aCeramics for the artist potter Part-1,2 / _cF.H Norton. _hTextual Documents |
||
| 260 |
_aLondon : _bAddison-Wesley Publishing Company , _c1956. |
||
| 300 | _a320 ; . | ||
| 365 | _a$7.50 | ||
| 500 | _a**Reference | ||
| 504 | _a | ||
| 942 | _cBK | ||
| 999 |
_c7903 _d7903 |
||